Online
Catalog

Inmigrantes haitianos y dominicanos de ascendencia haitiana en la República Dominicana / (Record no. 666)

MARC details
000 -CABECERA
campo de control de longitud fija 02047nam a2200349 a 4500
001 - NÚMERO DE CONTROL
campo de control 000000670
005 - FECHA Y HORA DE LA ÚLTIMA TRANSACCIÓN
campo de control 20250621074003.0
008 - DATOS DE LONGITUD FIJA--INFORMACIÓN GENERAL
campo de control de longitud fija 090422s2004 dr bc 001 0 spa d
040 ## - FUENTE DE LA CATALOGACIÓN
Centro catalogador/agencia de origen DO-SdBNP
Lengua de catalogación spa
Centro/agencia transcriptor BNPHU
082 ## - NÚMERO DE LA CLASIFICACIÓN DECIMAL DEWEY
Número de clasificación 325.7294
Número de documento/Ítem W891i
100 1# - ENTRADA PRINCIPAL--NOMBRE DE PERSONA
Nombre de persona Wooding, Bridget
9 (RLIN) 2231
245 10 - MENCIÓN DE TÍTULO
Título Inmigrantes haitianos y dominicanos de ascendencia haitiana en la República Dominicana /
Mención de responsabilidad, etc. Bridget Wooding, Richard Moseley-Williams ; traducción Mariví Arregui, Denise Paiewonsky ; redacción de la versión en español Carlos Flores.
260 ## - PUBLICACIÓN, DISTRIBUCIÓN, ETC.
Lugar de publicación, distribución, etc. Santo Domingo :
Nombre del editor, distribuidor, etc. CID,
Fecha de publicación, distribución, etc. 2004.
300 ## - DESCRIPCIÓN FÍSICA
Extensión 103 p. :
Otras características físicas mapa., retrs. ;
Dimensiones 22 cm.
490 1# - MENCIÓN DE SERIE
Mención de serie Relaciones Dominico-Haitianas ;
Designación de volumen o secuencia 4
500 ## - NOTA GENERAL
Nota general Título original en inglés. Needed but unwanted: Haitian immigrants and their descendants in the Dominican Republic
505 0# - NOTA DE CONTENIDO CON FORMATO
Título Prólogo --
-- Introducción --
-- Orígenes de las actitudes dominicanas hacia los haitianos --
-- La migración haitiana --
-- "Haitianos" en la República Dominicana --
-- Trabajadores cañeros y bateyes --
-- Los domínico-haitianos --
-- Los trabajadores emigrantes e inmigrantes de hoy --
-- Respuestas a la inmigración haitiana --
-- Defendiendo los derechos humanos de los haitianos y sus descendientes en la República Dominicana --
-- Conclusiones --
-- Bibliografía.
590 ## - NOTA LOCAL (RLIN)
Nota local Inventariado, 2018/BT
651 #4 - PUNTO DE ACCESO ADICIONAL DE MATERIA--NOMBRE GEOGRÁFICO
Nombre geográfico Haití -
Subdivisión general Emigración E Inmigración
9 (RLIN) 1425
650 #4 - PUNTO DE ACCESO ADICIONAL DE MATERIA--TÉRMINO DE MATERIA
Término de materia o nombre geográfico como elemento de entrada Haitianos en república dominicana
9 (RLIN) 2246
651 #4 - PUNTO DE ACCESO ADICIONAL DE MATERIA--NOMBRE GEOGRÁFICO
Nombre geográfico República Dominicana -
Subdivisión general Relaciones Exteriores -
Subdivisión geográfica Haití
9 (RLIN) 2233
651 #4 - PUNTO DE ACCESO ADICIONAL DE MATERIA--NOMBRE GEOGRÁFICO
Nombre geográfico Haití -
Subdivisión general Relaciones Exteriores -
Subdivisión geográfica República Dominicana
9 (RLIN) 2234
651 #0 - PUNTO DE ACCESO ADICIONAL DE MATERIA--NOMBRE GEOGRÁFICO
Nombre geográfico República Dominicana
Subdivisión general Política y gobierno
9 (RLIN) 45
650 #0 - PUNTO DE ACCESO ADICIONAL DE MATERIA--TÉRMINO DE MATERIA
Término de materia o nombre geográfico como elemento de entrada Derechos humanos
9 (RLIN) 658
700 12 - PUNTO DE ACCESO ADICIONAL--NOMBRE DE PERSONA
Nombre de persona Moseley-Williams, Richard
9 (RLIN) 2247
700 12 - PUNTO DE ACCESO ADICIONAL--NOMBRE DE PERSONA
Nombre de persona Arregui, Mariví,
Término indicativo de función/relación tr.
9 (RLIN) 2236
700 12 - PUNTO DE ACCESO ADICIONAL--NOMBRE DE PERSONA
Nombre de persona Paiewonsky, Denise,
Término indicativo de función/relación tr.
9 (RLIN) 2237
700 12 - PUNTO DE ACCESO ADICIONAL--NOMBRE DE PERSONA
Nombre de persona Flores, Carlos
9 (RLIN) 2238
710 2# - PUNTO DE ACCESO ADICIONAL--NOMBRE DE ENTIDAD CORPORATIVA
Nombre de entidad corporativa o nombre de jurisdicción como elemento de entrada Instituto Católico para las Relaciones Internacionales
9 (RLIN) 2248
830 #0 - PUNTO DE ACCESO ADICIONAL DE SERIE-TÍTULO UNIFORME
Título uniforme Relaciones Dominico-Haitianas
Número de parte o sección de la obra 4
9 (RLIN) 2249
910 ## - DATOS DE OPCIÓN DEL USUARIO (OCLC)
Datos de opción del usuario Validado. Control de calidad. MMOLINA
Holdings
Estado de retiro Estado de pérdida Restricciones de uso No para préstamo Código de colección Localización permanente Ubicación/localización actual Ubicación en estantería Fecha de adquisición Número de inventario Total de préstamos Signatura topográfica completa Código de barras Fecha visto por última vez Número de copia Precio válido a partir de Tipo de ítem Koha
    Préstamo en sala   Dominicana de Servicio Biblioteca Nacional Pedro Henríquez Ureña Biblioteca Nacional Pedro Henríquez Ureña Depósito 25.08.2009 LF1   325.7294 W891i 670-30 25.06.2020 e. 3 25.06.2020 Libros y folletos
    Préstamo en sala   Dominicana de Servicio Biblioteca Nacional Pedro Henríquez Ureña Biblioteca Nacional Pedro Henríquez Ureña Depósito 28.06.2013 LF1   325.7294 W891i 670-40 25.06.2020 e. 4 25.06.2020 Libros y folletos
      Préstamo restrigido Patrimonio Dominicano Biblioteca Nacional Pedro Henríquez Ureña Biblioteca Nacional Pedro Henríquez Ureña Depósito 25.08.2009 LF1   325.7294 W891i 670-10 25.06.2020   25.06.2020 Libros y folletos
      Préstamo restrigido Patrimonio Dominicano Biblioteca Nacional Pedro Henríquez Ureña Biblioteca Nacional Pedro Henríquez Ureña Depósito 25.08.2009 LF1   325.7294 W891i 670-20 25.06.2020 e. 2 25.06.2020 Libros y folletos

Powered by Koha